000 00702nam a22002297a 4500
003 AR-FvUNAJ
005 20231113163031.0
008 231003b ||||| |||| 00| 0 spa d
040 _cAR-FvUNAJ
082 1 4 _214
_a301
100 1 _918912
_aGerth, Hans
245 1 0 _aCarácter y estructura social /
_cH. Gerth y C. Wright Mills
250 _a3a ed.
260 _aBuenos Aires :
_bPaidos,
_c1971.
300 _a441 p.
440 _99066
_aBiblioteca de Psicología Social y Sociología
_v19
650 1 7 _2unescot
_9667
_aPSICOLOGIA SOCIAL
650 2 7 _2unescot
_9693
_aSOCIOLOGIA
700 1 _918913
_aWright Mills, C.
942 _2ddc
_cLIBRO
980 _621566
_a Miranda Raldes
_821570
_g Diaz Bustince
999 _c9622
_d9622